Normal view
MARC view
Entry Topical Term
001 - CONTROL NUMBER
- control field: 27905
003 - CONTROL NUMBER IDENTIFIER
- control field: ARRUPE
005 - DATE AND TIME OF LATEST TRANSACTION
- control field: 20161205095633.0
008 - FIXED-LENGTH DATA ELEMENTS
- fixed length control field: 161205|| aca||aabn | a|a d
040 ## - CATALOGING SOURCE
- Original cataloging agency: ARRUPE
- Transcribing agency: ARRUPE
150 ## - HEADING--TOPICAL TERM
- Topical term or geographic name as entry element: Fisher Family
- General subdivision: Missions
670 ## - SOURCE DATA FOUND
- Source citation: Work cat.: (ARRUPE): Summerton, Pauline 27902, Fishers of men, 2003